| 000 | 00351nam a22001217a 4500 | ||
|---|---|---|---|
| 008 | 230626b xxu||||| |||| 00| 0 eng d | ||
| 082 |
_a332.024 _bPFCD |
||
| 100 | _cProject Finance Data Center | ||
| 245 | _aFinancial Resources for Industrial Projects in Kenya | ||
| 260 |
_aKenya _bProject Finance Data Center _c2000 |
||
| 300 | _a157p | ||
| 942 |
_2ddc _cBK |
||
| 999 |
_c2704 _d2704 |
||